000 00789nam a2200289Ia 4500
005 20260324114137.0
008 008 260324s9999 xx 000 0 eng d
020 _a9781003260417
037 _aEBOOK
040 _aCRL
040 _beng
040 _cCRL
041 _2eng
041 _aeng
084 _qCRL
100 _aLaxman Singh; Rituraj Dubey; R. N. Rai
_91149608
245 0 _aOrganic Light Emitting Diode (OLED) Toward Smart Lighting and Displays Technologies
245 0 _bMaterial Design Strategies, Challenges and Future Perspectives
260 _bTaylor and Francis
260 _c2023
365 _a
365 _b260
856 _uhttp://www.taylorfrancis.com/books/9781003260417
942 _cEBOOK
999 _c1739623
_d1739623